| 000 | 00637nam a22002177a 4500 | ||
|---|---|---|---|
| 005 | 20251108172717.0 | ||
| 008 | 250721s2002 xx 000 0 ara d | ||
| 082 | 1 | 4 | _a616/سوا |
| 100 | 1 |
_aسوانسون، دافيد _eمؤلف |
|
| 245 | 1 | 0 | _aحول الألم المزمن / |
| 264 | 1 |
_aبيروت : _bالدار العربية للعلوم، _c2002. |
|
| 300 | _a200ص. | ||
| 650 | 1 | 7 | _aالأمراض |
| 650 | 1 | 7 | _aالألم |
| 650 | 1 | 7 | _aفسيولوجيا الأعصاب |
| 650 | 1 | 7 | _aمعالجة الألم |
| 650 | 1 | 7 | _aمكافحة الألم |
| 650 | 1 | 7 | _aالمعاناة |
| 942 |
_2ddc _cBK |
||
| 999 |
_c86537 _d86537 |
||